000 00286nam a2200109Ia 4500
001 1268653
005 20260417145254.0
008 260417s9999 xx 000 0 und d
020 _a9786256999275
245 0 _aKitap Yiyen Olağanüstü Çocuk
_cOliver Jeffers
260 _bKetebe Çocuk
999 _c1268653
_d1268653